000 00563cam a2200193ua 4500
020 _a81-7033-220-2
_c400.00
041 _aeng
_h
082 _a631.587
_bRAK/PL
100 _aRakesh, Hooja .
245 0 0 _aPlanning for sustainability in irrigation: Command area development and Indira Gandhi canal project /
_cRakesh Hooja.
_hTextual Documents
250 _a1 /
_b.
260 _aNew Delhi :
_bRawat Publications ,
_c1994.
300 _a328 ; .
365 _a400.00
504 _a
700 1 _aKavdia, P S .
942 _cBK
999 _c9741
_d9741